000 01340nam a2200229Ia 4500
999 _c46492
_d46492
001 13331
003 GE_BSU
005 20240902154209.0
008 181216s2014||||ge |||||||||||||| ||geo||
040 _cGE_BSU
041 _ageo
080 _a340 ღ-64
245 _aღია მმართველობის პარტნიორობის საქართველოს 2014-2015 წლ ების სამოქმედო გეგმა =Open government partnership action plan of Georgia 2014-2015 /
_cსაქართველოს იუსტიციის სამინისტრო, USAID.
264 _aთბილისი :
_c2014.
300 _a74 გვ. :
_bცხრ. ;
_c30სმ.
500 _aწაღმა-უკუღმა წიგნი
500 _aტექსტი ქართულ და ინგლისურ ენებზე
500 _a აღწერილია ყდიდან
653 _aღია მმართველობის პარტნიორობის საქართველოს 2014-2015 წლების სამოქმედო გეგმა
653 _aსახელმწიფო მართვის ზედამხედველობა საქართველოში
942 _cBK
_2udc